000 01843nac a2200289 a 4500
003 CO-PeBPM
005 20250722211746.0
007 ta
008 250722s2019 ck |||| |||| 00| 0 spa d
020 _aISBN: 9789877224122
040 _aCO-PeBPM
_bspa
_cCO-PeBPM
_erda
041 _aspa
082 0 4 _a910.01 H136r
_222
100 1 _aHaesbaert, Rogério
_eautor
245 1 0 _aRegional-Global
_b: Dilemas de la región y de la regionalización en la geografía contemporánea
_c/ Rogério Haesbaert; edición al cuidado de Perla Zusman; traducción de José Ángel Quintero Weir
250 _aPrimera edición
260 _aCiudad Autónoma de Buenos Aires
_aBogotá, Colombia
_b: Editorial de la Facultad de Filosofía y Letras
_b: Universidad Pedagógica Nacional
_c, 2019
300 _a176 páginas
_c22 centímetros
500 _aIncluye índice
504 _aIncluye bibliografía al final del texto
520 _aLa región es uno de los conceptos más relevantes en Geografía, con una larga historia de idas y vueltas, muertes y resurrecciones. En este libro, que se traduce por primera vez al español, el concepto de región es visto a partir de distintos abordajes: la región como artificio; como simple instrumento de análisis del investigador; la región como hecho, una evidencia empírica reconocida en la práctica de las relaciones sociales; la región normativa, instrumento de intervención –especialmente por parte del Estado–, y la región como artefacto, un híbrido entre artificio y hecho, en el juego (político) entre representación o conciencia regional y manifestación concreta en las prácticas de los grupos sociales.
650 1 4 _aGeografía
_2LEMB
650 1 4 _aEnsayo sociológico
_2LEMB
700 1 _aQuintero Weir, Ángel
_etraducción
700 1 _aZusman, Perla
_eEdición
942 _2ddc
_cBK
_n0
999 _c61067
_d61067